| 000 | 00768nam a22001817a 4500 | ||
|---|---|---|---|
| 999 |
_c61504 _d61504 |
||
| 005 | 20240320150645.0 | ||
| 008 | 240320c2003 ge ||||| |||| 00| 0 geo d | ||
| 022 | _a15120880 | ||
| 041 | _ageo | ||
| 245 |
_aსაქართველოს ბიბლიოთეკა : _b2003 / _c რედ.: ალექსანდრე ლორია, გურამ თაყნიაშვილი. |
||
| 260 |
_aთბილისი, _c2000- |
||
| 300 | _aV. | ||
| 653 | _a ბიბლიოთეკა | ||
| 653 | _aპერიოდიკა | ||
| 700 |
_aლორია, ალექსანდრე _eრედქტორი _921492 |
||
| 700 |
_aთაყნიაშვილი, გურამ _eრედაქტორი _921480 |
||
| 942 |
_2udc _cCR |
||